Los chamulas en el mundo del sol : (Record no. 7487)

MARC details
000 -CABECERA
campo de control de longitud fija 00673nam a2200205 a 4500
005 - FECHA Y HORA DE LA ÚLTIMA TRANSACCIÓN
campo de control 20240224063806.0
008 - ELEMENTOS DE LONGITUD FIJA--INFORMACIÓN GENERAL
campo de control de longitud fija 991125s1979 mx 000 0 spa u
020 ## - NÚMERO INTERNACIONAL NORMALIZADO PARA LIBROS
Número Internacional Estándar del Libro 9688220027
035 ## - NÚMERO DE CONTROL DEL SISTEMA
Número de control de sistema UPN01000007487
049 ## - COLECCIÓN
Colección SEP
050 #4 - SIGNATURA TOPOGRÁFICA DE LA BIBLIOTECA DEL CONGRESO
Número de clasificación F1221 T9
Número de documento/Ítem G6.38
100 1# - ASIENTO PRINCIPAL--NOMBRE PERSONAL
Nombre de persona Gossen, Gary H.
245 14 - MENCIÓN DE TÍTULO
Título Los chamulas en el mundo del sol :
Resto del título tiempo y espacio en una tradición oral maya /
Mención de responsabilidad, etc. Gary H. Gossen ; tr. de Celia Paschero.
260 ## - PUBLICACIÓN, DISTRIBUCIÓN, ETC.
Lugar de publicación, distribución, etc. México :
Nombre del editor, distribuidor, etc. INI,
Fecha de publicación, distribución, etc. 1979.
300 ## - DESCRIPCIÓN FÍSICA
Extensión 450 p. :
Otras características físicas il.
440 #0 - MENCIÓN DE SERIE/ASIENTO SECUNDARIO--TÍTULO
Título INI.
Nombre de parte o sección de la obra Antropología social ;
Designación de volumen o secuencia 58
650 #4 - ASIENTO SECUNDARIO DE MATERIA - TERMINO TEMATICO
Término de materia o nombre geográfico como elemento de entrada Mayas
Subdivisión general Vida social y costumbres
9 (RLIN) 12451
650 #7 - ASIENTO SECUNDARIO DE MATERIA - TERMINO TEMATICO
Término de materia o nombre geográfico como elemento de entrada Tzotziles
Subdivisión general Vida social y costumbres
Fuente del encabezamiento o término
9 (RLIN) 8412
905 ## - TIPO DE MATERIAL
Tipo de material Libro
Holdings
Estado de retiro Estado de pérdida Fuente del sistema de clasificación o colocación Estado dañado No para préstamo Código de colección Localización permanente Ubicación/localización actual Ubicación en estantería Fecha de adquisición Clasificación Código de barras Fecha visto por última vez Número de copia Tipo de ítem Koha
    Library of Congress Classification   Coleccion SEP Colección SEP Bib. Gregorio Torres Quintero Bib. Gregorio Torres Quintero Colección SEP 09/05/2023 F1221 T9 G6.38 96673 31/12/2020 1 Libro